Najbogatsze kraje Afryki - Statystyki

Ogólne statystyki
  • Ten quiz został rozwiązany 6 334 razy
  • Średni wynik to 5 z 10
Statystyki odpowiedzi
# PKB per capita (PPP) Nazwa państwa % Poprawnych
9 10 877 $ Egipt
96%
8 13 046 $ Republika Południowej Afryki
95%
7 14 259 $ Algieria
73%
6 15 706 $ Libia
61%
1 32 266 $ Gwinea Równikowa
41%
5 16 036 $ Botswana
34%
3 22 924 $ Gabon
33%
10 10 765 $ Namibia
32%
2 25 607 $ Seszele
32%
4 18 553 $ Mauritius
27%
Nie znaleziono quizów pasujących do podanych kryteriów
Rozkład punktacji
Procent ludzi z każdym wynikiem
Percentyl według liczby udzielonych odpowiedzi
Twoja historia wyników
Nie rozwiązałeś tego quizu